1868 1163 1207 1427 1712 1058 1813 1993 1976 1514 1197 1140 1209 1011 1702 1459 1861 1058 1986 1254 1337 1786 1164 1280 1505 1460 1448 1395 1390 1713 1734 1661 1794 1661 1206 1476 1228 1693 1039 1532 1768 1247 1594 1874 1050 1075 1759 1378 1456 1330 1955 1205 1067 1575 1872 1652 1099 1856 1543 1677 1316 1376 1488 1626 1794 1607 1763 1931 1711 1938 1613 1222 1489 1405 1809 1625 1834 1199 1756 1265 1783 1297 1684 1375 1734 1978 1903 1058 1278 1423 1545 1211 1049 1700 1236 1353 1838 1563 1880 BCNSPRNW ULIB Ver.6.0+V

เปลี่ยนเป็นภาษาไทย

Change to English
 แสดงรายละเอียดบรรณานุกรม
  กลับหน้าหลัก

Brief Record : Get Marc (ISO 2709) : E-mail record : QR code < ปิดหน้าต่าง
LEADER : 00000nam 2200000uu 4500
001    13399126089
003     ULIB
008    020711s2017 th a 000 0 eng d
020    ^a9780702062117
060    ^aWQ165^bM114M
100    ^aSue Macdonald
245    ^aMayes Midwifery/^cSue Macdonald,Gail Johnson
250    ^a15th ed
260    ^aNew York :^bElsevier,^c2017
300    ^a1204 pages
650    ^aMidwifery
700    ^aGail Johnson
945    ^p0^l0^i004118
999    ^aประนอม เกษจรัล
รายการนี้ยังไม่มีแท็ก
คุณยังไม่ได้ล็อกอิน คุณสามารถมีกิจกรรมร่วมกับเว็บไซต์ได้ แต่ต้องล็อกอินก่อน ::
  ล็อกอิน

รายการสื่อสารสนเทศ

ลำดับที่ ประเภท เลขเรียก/บาร์โค้ด สถานที่ สถานะ
1. วิทยาศาสตร์การแพทย์ และสุขภาพ
วิทยาศาสตร์การแพทย์ และสุขภาพ
WQ165 M114M ฉ.1 
  Barcode: 004118
ห้องสมุดวิทยาเขตสวรรค์ประชารักษ์
►หนังสือทั่วไป
บนชั้น

รายการใกล้เคียง
    ผู้แต่ง [Sue Macdonald]

    หัวเรื่อง [Midwifery]

BibComment


ยังไม่เคยถูกคอมเมนท์

คอมเมนท์ทรัพยากรรายการนี้
  คอมเมนท์: Mayes Midwifery ..


 Copyright 2026. Bcnsprnw @Library